Top 100 American Universities - Statistics

General Stats
  • This quiz has been taken 160 times
  • The average score is 44 of 104
Answer Stats
Rank State Answer % Correct
3 Massachusetts Harvard
98%
5 Connecticut Yale
95%
1 New Jersey Princeton
90%
2 Massachusetts M.I.T.
89%
15 (t) California U.C.L.A.
88%
13 (t) New York Columbia
85%
10 Pennsylvania U. Penn
85%
4 California Stanford
83%
6 (t) North Carolina Duke
81%
13 (t) Rhode Island Brown
80%
15 (t) New Hampshire Dartmouth
73%
63 (t) Florida U. Miami
73%
11 (t) New York Cornell
71%
30 (t) New York N.Y.U.
71%
6 (t) Maryland Johns Hopkins
69%
6 (t) Illinois Northwestern
69%
17 California Berkeley
68%
24 (t) Washington, D.C. Georgetown
67%
6 (t) California Caltech
66%
18 (t) Tennessee Vanderbilt
66%
18 (t) Indiana Notre Dame
63%
33 (t) Georgia Georgia Tech
62%
46 (t) Washington U. Washington
62%
29 California U.C. San Diego
61%
27 (t) California U.S.C.
61%
37 (t) Massachusetts Boston College
60%
41 (t) Massachusetts Boston U.
59%
11 (t) Illinois U. Chicago
59%
41 (t) Ohio Ohio State U.
58%
27 (t) North Carolina U. North Carolina - Chapel Hill
58%
18 (t) Texas Rice
57%
44 (t) Maryland U. Maryland - College Park
56%
30 (t) Florida U. Florida
55%
21 (t) Michigan U. Michigan - Ann Arbor
54%
51 (t) Virginia Virginia Tech
53%
46 (t) Indiana Purdue
52%
41 (t) New Jersey Rutgers - New Brunswick
52%
30 (t) Texas U. Texas - Austin
52%
24 (t) Georgia Emory
51%
54 (t) Florida Florida State U.
48%
63 (t) Michigan Michigan State U.
47%
33 (t) California U.C. Irvine
47%
39 (t) California U.C. Santa Barbara
47%
24 (t) Virginia U. Virginia
47%
54 (t) Massachusetts Northeastern
45%
51 (t) Texas Texas A&M
45%
21 (t) Pennsylvania Carnegie Mellon
44%
63 (t) Louisiana Tulane
44%
33 (t) California U.C. Davis
44%
98 (t) Iowa U. Iowa
44%
21 (t) Missouri Washington U. in St. Louis
44%
54 (t) Minnesota U. Minnesota - Twin Cities
43%
46 (t) Georgia U. Georgia
42%
73 (t) New York Syracuse
41%
63 (t) Washington, D.C. George Washington
40%
86 (t) Delaware U. Delaware
40%
54 (t) Virginia William & Mary
40%
70 (t) Pennsylvania U. Pittsburgh
37%
46 (t) North Carolina Wake Forest
37%
91 (t) Washington, D.C. American
34%
39 (t) Wisconsin U. Wisconsin - Madison
34%
37 (t) Massachusets Tufts
33%
80 (t) California Pepperdine
31%
44 (t) New York Rochester
31%
98 (t) Pennsylvania Temple
31%
70 (t) Connecticut U. Connecticut
31%
51 (t) Ohio Case Western Reserve
29%
80 (t) South Carolina Clemson
29%
98 (t) Colorado U. Colorado - Boulder
29%
86 (t) Washington, D.C. Howard
28%
76 (t) New York U. Buffalo
28%
73 (t) Indiana Indiana U. - Bloomington
27%
76 (t) California U.C. Riverside
27%
33 (t) Illinois U. Illinois - Urbana-Champaign
27%
91 (t) Texas Baylor
26%
58 (t) Pennsylvania Villanova
25%
91 (t) New York Fordham
24%
58 (t) North Carolina North Carolina State U.
24%
84 (t) California U.C. Santa Cruz
24%
86 (t) Pennsylvania Drexel
23%
63 (t) Pennsylvania Pennsylvania State U.
22%
63 (t) Massachusetts Brandeis
21%
46 (t) Pennsylvania Lehigh
21%
86 (t) Wisconsin Marquette
20%
58 (t) New York Stony Brook
20%
91 (t) Florida U. South Florida
19%
58 (t) California U.C. Merced
18%
76 (t) Colorado Colorado School of Mines
17%
98 (t) Washington Gonzaga
17%
73 (t) New York Binghamton
16%
58 (t) Massachusetts U. Massachusetts - Amherst
16%
63 (t) California Santa Clara
15%
91 (t) Texas Southern Methodist
15%
91 (t) California Loyola Marymount
14%
98 (t) Florida Florida International U.
11%
86 (t) Massachusetts Worcester Polytechnic
11%
70 (t) New York Rensselaer Polytechnic
10%
80 (t) Illinois U. Illinois - Chicago
10%
76 (t) New Jersey Stevens Tech
9%
98 (t) New York Yeshiva
8%
84 (t) New Jersey N.J. Tech
6%
80 (t) New Jersey Rutgers - Newark
6%
98 (t) New Jersey Rutgers - Camden
5%
91 (t) New York Rochester Tech
4%
No matching quizzes found
Score Distribution
Percent of People with Each Score
Percentile by Number Answered
Your Score History
You have not taken this quiz